000 00376nam a2200145 i 4500
001 28346
003 ES-MaACL
005 20230906153834.0
007 t|
008 030117s1883 sp ||||1| spa d
245 0 0 _aBaños de Zaldívar en Zaldua (Vizcaya).
260 _aBilbao :
_b[s.n.],
_c1883.
650 4 _aBalnearios-
_zZaldíbar.
_9152986
852 _aES-MaACL
_jT-407-F-11
999 _c28346
_d28346